000 00885cab a2200277 4500
001 ABS48030
008 090401t1993 xxu||||| |||| 00| 0 eng d
035 _a(Sirsi) u64523
041 _aeng
100 _aCoggins, P.C.
245 _aRecycling credits: a waste auditing perspective
260 _c1993
350 _a0
490 _aEnvironmental Policy and Practice
_v2(4) 1993, 355-374(11)
520 _aComments on auditing aspects of research undertaken by the Civic Amenity Waste Disposal Project, comparing the costs of recycling with those of landfill.
650 _aCAWDP
650 _aPUBLIC HEALTH ACT 1936
650 _aRECYCLING VOLUMES
650 _aENVIRONMENT WHITE PAPER 1990
650 _aWASTE DISPOSAL
650 _aWASTE MANAGEMENT
690 _aENVIRONMENTAL AND LAND CONSULTANCY
700 _aEvans, G.H.
942 _n0
948 _c04/03/1997
999 _c40194
_d40194